000 00298nam a22001337a 4500
008 171023b xxu||||| |||| 00| 0 eng d
020 _a9780534146764
041 _aeng
080 _a338
100 _a54
101 _aMO
245 _aESSENTIALS OF BUSINESS STATISTICS
_cKELLER
942 _2udc
_cBK
999 _c35503
_d35503